000 01369nam a2200301Ia 4500
001 57312
003 IT-RoPAU
008 130308s9999 xx 000 0 und d
040 _aIT-RoPAU
040 _cIT-RoPAU
041 _aFRANCESE
100 _aLange Andrè
100 _gCodice Aut. SPICS: 20916
245 _aStrategies de la musique
245 _bStrategies de la Musique
250 _a1a ed.
260 _aBRUXELLES
260 _bMardaga Pierre
260 _c1986 [1° Ed.:1986 - Ed.Ling.Originale:1986]
300 _a"430 p. (prefazione: no ; testo: 430)"
500 _aElementi Teorici di Analisi Socio Economica della Musica Industria della Cultura in Adorno Sociologia delle Pratiche Culturali di Pierre Bourdieu Oligopolio Mondiale contestazione di Industriali e Artigiani Industria fonografica Diritto d'autore e degli interpreti Crisi del Disco Musicassette e Compact Disc telematica Musicale video Musicale Edizione e commercio del Disco nella Comunità Francese del Belgio Strutturazione dei campi Musicali in Belgio Discoteche Canzone e Varietà Rock Musica Classica Jazz Musica Registrata e istituzioni Musicali Disco in Belgio Autori Compositori e Interpretieditori e fabbricanti del Disco
650 _aINDUSTRIA MUSICALE
650 _eCodice materia Spics: 7006
942 _cBK
957 _71
999 _c73727
_d73727
999 _bSI
999 _g1